| 000 | 00366cam a2200145ua 4500 | ||
|---|---|---|---|
| 003 | OSt | ||
| 008 | 250512b |||||||| |||| 00| 0 eng d | ||
| 082 |
_a624.171 _bJUN/ME |
||
| 100 |
_aJunnarkar, S. B. _9536 |
||
| 245 | _aMechanics of structures, Vol.1 / | ||
| 250 | _a5 / | ||
| 260 |
_aMumbai : _bVivek Publishers Pvt Ltd , _c1966. |
||
| 300 | _a546 ; . | ||
| 942 | _cBK | ||
| 999 |
_c120 _d120 |
||